Weiter zum Inhalt

Экономика качества на предприятии учебное пособие для студентов вузов по инженерно-техническим специальностям

В учебном пособии описана история развития экономики качества как самостоятельного научного направления, изложены пути повышения экономической эффективности системы менеджмента качества. Описаны цели и задачи управления затратами на качество. Рассматриваются классификации затрат на качество, их соде...

Ausführliche Beschreibung

Gespeichert in:
Bibliographische Detailangaben
1. Verfasser: Александрова С. В.
Weitere Verfasser: Гришаева С. А.
Format: Книга
Sprache:Russian
Veröffentlicht: Москва МАИ 2024
Schlagworte:
Online Zugang:https://e.lanbook.com/book/454367
https://e.lanbook.com/img/cover/book/454367.jpg
Tags: Tag hinzufügen
Keine Tags, Fügen Sie den ersten Tag hinzu!
LEADER 03118nam0a2200445 i 4500
001 454367
003 RuSpLAN
005 20250516154058.0
008 250516s2024 ru gs 000 0 rus
020 |a 978-5-4316-1177-3 
040 |a RuSpLAN 
041 0 |a rus 
044 |a ru 
245 0 0 |a Экономика качества на предприятии  |b учебное пособие для студентов вузов по инженерно-техническим специальностям  |c Александрова С. В.,Гришаева С. А. 
260 |a Москва  |b МАИ  |c 2024 
300 |a 87 с. 
500 |a редсовет МАИ 
504 |a Библиогр.: доступна в карточке книги, на сайте ЭБС Лань 
520 8 |a В учебном пособии описана история развития экономики качества как самостоятельного научного направления, изложены пути повышения экономической эффективности системы менеджмента качества. Описаны цели и задачи управления затратами на качество. Рассматриваются классификации затрат на качество, их содержание, источники данных о затратах на качество, методики их учёта и анализа. Предназначено для студентов вузов, обучающихся по инженернотехническим специальностям. Представляет интерес для аспирантов, а также специалистов, занимающихся разработками и внедрением интегрированных систем менеджмента, а также их управлением. 
521 8 |a Книга из коллекции МАИ - Экономика и менеджмент 
521 8 |a СЭБ 
653 0 |a экономика качества 
653 0 |a научное направление 
653 0 |a качество 
653 0 |a экономическая категория 
653 0 |a исследования 
653 0 |a управление затратами 
653 0 |a менеджмент качества 
653 0 |a экономические аспекты 
653 0 |a жизненный цикл продукции 
653 0 |a управленческий финансовый учет 
653 0 |a классификация затрат 
653 0 |a методы учета 
653 0 |a финансовые результаты 
653 0 |a производственно-хозяйственная деятельность 
100 1 |a Александрова С. В. 
700 1 |a Гришаева С. А. 
856 4 |u https://e.lanbook.com/book/454367 
856 4 8 |u https://e.lanbook.com/img/cover/book/454367.jpg 
953 |a https://e.lanbook.com/img/cover/book/454367.jpg